ARRUPE JESUIT UNIVERSITY

CORONAVIRUS -STOP THE SPREAD - CLEAN,DISINFECT,COVER

Primordial characters / (Record no. 121951)

MARC details
000 -LEADER
fixed length control field 00895cam a2200325 i 4500
001 - CONTROL NUMBER
control field 9444
003 - CONTROL NUMBER IDENTIFIER
control field ARRUPE
005 - DATE AND TIME OF LATEST TRANSACTION
control field 20150129170556.0
008 - FIXED-LENGTH DATA ELEMENTS--GENERAL INFORMATION
fixed length control field 790928s1978 vaua b 001 0 eng
010 ## - LIBRARY OF CONGRESS CONTROL NUMBER
LC control number 78017230
020 ## - INTERNATIONAL STANDARD BOOK NUMBER
International Standard Book Number 0813907748
035 ## - SYSTEM CONTROL NUMBER
System control number (OCoLC)4003958
035 ## - SYSTEM CONTROL NUMBER
System control number (OCoLC)ocm04003958
035 ## - SYSTEM CONTROL NUMBER
System control number (CStRLIN)NYCG12279242-B
035 ## - SYSTEM CONTROL NUMBER
System control number (NNC)9444
040 ## - CATALOGING SOURCE
Transcribing agency DCL
050 0# - LIBRARY OF CONGRESS CALL NUMBER
Classification number GN502
Item number .N43
082 ## - DEWEY DECIMAL CLASSIFICATION NUMBER
Classification number 301.2/1
300 ## - PHYSICAL DESCRIPTION
Other physical details ill. ;
Dimensions 24 cm.
100 1# - MAIN ENTRY--PERSONAL NAME
Personal name Needham, Rodney.
9 (RLIN) 14812
245 10 - TITLE STATEMENT
Title Primordial characters /
Statement of responsibility, etc Rodney Needham.
260 ## - PUBLICATION, DISTRIBUTION, ETC. (IMPRINT)
Place of publication, distribution, etc Charlottesville :
Name of publisher, distributor, etc University Press of Virginia,
Date of publication, distribution, etc 1978.
300 ## - PHYSICAL DESCRIPTION
Extent x, 89 p. :
500 ## - GENERAL NOTE
General note Includes index.
504 ## - BIBLIOGRAPHY, ETC. NOTE
Bibliography, etc Bibliography: p. [77]-81.
650 #0 - SUBJECT ADDED ENTRY--TOPICAL TERM
Topical term or geographic name as entry element Ethnopsychology.
9 (RLIN) 14813
650 #0 - SUBJECT ADDED ENTRY--TOPICAL TERM
Topical term or geographic name as entry element Imagination.
9 (RLIN) 12978
650 #0 - SUBJECT ADDED ENTRY--TOPICAL TERM
Topical term or geographic name as entry element Symbolism (Psychology)
9 (RLIN) 14814
942 ## - ADDED ENTRY ELEMENTS (KOHA)
Source of classification or shelving scheme Library of Congress Classification
Koha item type Monograph ( Printed materials)
Holdings
Withdrawn status Lost status Source of classification or shelving scheme Damaged status Not for loan Collection code Home library Current library Shelving location Date acquired Total Checkouts Full call number Barcode Date last seen Price effective from Koha item type
    Library of Congress Classification     Main Collection ARRUPE LIBRARY ARRUPE LIBRARY Main Collection 29/01/2015   GN502 .N43 46500001123 29/01/2015 29/01/2015 Monograph ( Printed materials)

 

Arrupe Library. PO Box MP320 Mt Pleasant, Harare, Zimbabwe
263 242 745411|librarian@aju.ac.zw